Biogeochemistry of marine dissolved organic matter

Αποθηκεύτηκε σε:
Λεπτομέρειες βιβλιογραφικής εγγραφής
Άλλοι συγγραφείς: Hansell, Dennis A. (Επιμελητής έκδοσης), Carlson, Craig A. (Επιμελητής έκδοσης)
Μορφή: Βιβλίο
Γλώσσα:English
Δημοσίευση: Amsterdam ; Boston : Academic Press, 2002
Θέματα:
Ετικέτες: Προσθήκη ετικέτας
Δεν υπάρχουν, Καταχωρήστε ετικέτα πρώτοι!

MARC

LEADER 00000nam a2200000 i 4500
001 1/88920
008 051111s2002 eng d
020 |a 0-12-323841-2 
035 |l 10081198 
040 |a GR-MY-UA  |b gre  |e aacr 
041 0 |a eng 
082 0 |a 551.4601  |2 (22) 
245 1 0 |a Biogeochemistry of marine dissolved organic matter /  |c edited by Dennis A. Hansell, Craig A. Carlson 
260 |a Amsterdam ; Boston :   |b Academic Press,   |c 2002 
300 |a xii, 774 σ.;  |b εικ., έγχρ. εικ.;  |c 24 εκ. 
504 |a Περιέχει βιβλιογραφία και ευρετήριο 
650 0 0 |a Seawater  |x Organic compound content. 
650 0 0 |a Chemical oceanography. 
650 0 0 |a Biogeochemistry. 
700 1 |a Hansell, Dennis A.  |4 edt 
700 1 |a Carlson, Craig A.  |4 edt 
852 |a INST  |b LESVOS  |e 20051111  |h 551.4601 BIO  |p 005100033481  |q 005100033481  |t BK  |y 0 
852 |a INST  |b LESVOS  |e 20051111  |h 551.4601 BIO  |p 005100033482  |q 005100033482  |t BK  |y 0 
852 |a INST  |b LESVOS  |e 20051111  |h 551.4601 BIO  |p 005100033483  |q 005100033483  |t BK  |y 0 
852 |a INST  |b LESVOS  |e 20060307  |h 551.4601 BIO  |p 005100034680  |q 005100034680  |t BK  |y 0 
901 |a BIBL1-2005-3 
901 |a BIBL1-2006-1 
909 |a Λ  |b 117938 
909 |a Λ  |b 117937 
909 |a Λ  |b 117844 
909 |a Λ  |b 117939 
920 |a ΔΙΕΥΡΥΝΣΗ  |b ΕΠΕΑΕΚ-ΤΕΘ  |y ΛΕΣΒΟΣ  |z 2005-10 
970 |a ΚΑΡΑ  |b ΓΙΑΣΕΜΗ  |z 2005/11/11